000 00317nam a22001337a 4500
008 170127b xxu||||| |||| 00| 0 eng d
020 _a9781416047759
041 _aeng
080 _22ND
_a61
100 _a3
101 _aSHM
245 _aCOMPREHENSIVE REVIEW FOR THE NCLEX-RN EXAMINATION
_cBOYD, D
942 _2udc
_cBK
999 _c3876
_d3876